|
003 -Nazwa inst., której nr kontr. jest w polu 001 [,]
|
-
- @
- Nazwa instytucji, której n kontrolny jest w polu 001
- NUKAT
|
|
005 -DATA I CZAS OSTATNIEJ MODYFIKACJI [,]
|
-
- @
- pole kontrolne
- 20241231093629.0
|
|
020 -Międzynarod. znormalizowany nr książki - ISBN [ , ]
|
-
- a
- Numer ISBN
- 9788320821871
|
|
040 -Instytucja sporządzająca opis [ , ]
|
-
- a
- Instytucja, która sporządziła opis (NP)
- OLSZT 003/ISO
-
- c
- Instytucja, która sporządziła rekord (NP)
- OLSZT 003/ISOs
-
- d
- Instytucja, która zmodyfikowała rekord (P)
- OLSZT 003/DS
-
- d
- Instytucja, która zmodyfikowała rekord (P)
- OLSZT 003/ISO
-
- d
- Instytucja, która zmodyfikowała rekord (P)
- POZN U/HAs
|
|
942 -Rodzaj dokumentu [ , ]
|
-
- c
- Rodzaj dokumentu
- Książka
|
|
245 -Strefa tytułu i oznaczenia odpowiedzialności [1,0]
|
-
- a
- Tytuł
- Handel zagraniczny :
-
- b
- Ciąg dalszy tytułu (NP)
- studia przypadków /
-
- c
- Pozostałe elementy strefy tytułu i oznaczenia odpowiedzialności (NP)
- redakcja naukowa Beata Stępień ; autorzy: Agata Boruczkowska, Anna Czarnecka, Lidia Danik, Małgorzata Domiter, Magdalena Jażdżewska-Gutta, Anna Kacprzyk, Paweł Kaczmarek, Przemysław Kierek, Dariusz Leśniewski, Danuta Marciniak-Neider, Ewelina Pomian, Magdalena Rudnicka, Sylwia Senczyszyn, Przemysław Skulski, Magdalena Sobczak, Michał Staszków, Beata Stępień, Krzysztof Stępień, Monika Sulimowska-Formowicz, Martyna Wendland, Marta Wincewicz-Bosy.
|
|
260 -Strefa adresu wydawniczego [ , ]
|
-
- a
- Miejsce wydania (P)
- Warszawa :
-
- b
- Nazwa wydawcy (P)
- Polskie Wydawnictwo Ekonomiczne,
-
|
|
080 -Uniwersalna Klasyfikacja Dziesiętna [ , ]
|
-
- 2
- Identyfikator wydania tablic
- UDC-P058
-
-
- a
- Symbol klasyfikacji
- 339.5
-
- b
- Dopowiedzenie
- Handel zagraniczny. Handel międzynarodowy. Polityka handlu zagranicznego. Cła.
|
|
080 -Uniwersalna Klasyfikacja Dziesiętna [ , ]
|
-
- 2
- Identyfikator wydania tablic
- UDC-P058
-
-
- a
- Symbol klasyfikacji
- 339.5(083)
-
- b
- Dopowiedzenie
- Dokumenty (dokumentacja) w handlu zagranicznym. Dokumenty w handlu międzynarodowym.
|
|
080 -Uniwersalna Klasyfikacja Dziesiętna [ , ]
|
-
- 2
- Identyfikator wydania tablic
- UDC-P058
-
-
- a
- Symbol klasyfikacji
- 658.7
-
- b
- Dopowiedzenie
- Zakup. Zaopatrzenie materiałowe. Skup i kontraktacja.
|
|
650 -Hasło przedmiotowe [ ,7]
|
-
- a
- Hasło przedmiotowe
- Handel międzynarodowy.
-
-
|
|
650 -Hasło przedmiotowe [ ,7]
|
-
- a
- Hasło przedmiotowe
- Handel międzynarodowy
-
- x
- Określnik rzeczowy
- dokumentacja.
-
-
|
|
650 -Hasło przedmiotowe [ ,7]
|
-
- a
- Hasło przedmiotowe
- Transport międzynarodowy.
-
-
|
|
650 -Hasło przedmiotowe [ ,7]
|
-
- a
- Hasło przedmiotowe
- Transport międzynarodowy
-
- v
- Określnik formalny
- studium przypadku.
-
-
|
|
650 -Hasło przedmiotowe [ ,7]
|
-
- a
- Hasło przedmiotowe
- Handel międzynarodowy
-
- v
- Określnik formalny
- studium przypadku.
-
-
|
|
980 -Symbol UKD [ , ]
|
-
- a
- UKD
- 339.5:339.5(083):658.7
|
|
700 -Hasło dodatkowe - nazwa osobowa [1, ]
|
-
- a
- Nazwa osobowa (NP)
- Stępień, Beata.
-
- e
- Określenie rodzaju współpracy
- Red.
-
|
|
700 -Hasło dodatkowe - nazwa osobowa [1, ]
|
-
- a
- Nazwa osobowa (NP)
- Czarnecka, Anna
-
- c
- Dopowiedzenie inne niż daty biograficzne (NP)
- (prawo).
-
|
|
700 -Hasło dodatkowe - nazwa osobowa [1, ]
|
-
- a
- Nazwa osobowa (NP)
- Danik, Lidia.
-
|
|
700 -Hasło dodatkowe - nazwa osobowa [1, ]
|
-
- a
- Nazwa osobowa (NP)
- Domiter, Małgorzata.
-
|
|
700 -Hasło dodatkowe - nazwa osobowa [1, ]
|
-
- a
- Nazwa osobowa (NP)
- Jażdżewska-Gutta, Magdalena.
-
|
|
700 -Hasło dodatkowe - nazwa osobowa [1, ]
|
-
- a
- Nazwa osobowa (NP)
- Kacprzyk, Anna.
-
|
|
700 -Hasło dodatkowe - nazwa osobowa [1, ]
|
-
- a
- Nazwa osobowa (NP)
- Kaczmarek, Paweł
-
- c
- Dopowiedzenie inne niż daty biograficzne (NP)
- (prawo celne).
-
|
|
700 -Hasło dodatkowe - nazwa osobowa [1, ]
|
-
- a
- Nazwa osobowa (NP)
- Kierek, Przemysław.
-
|
|
700 -Hasło dodatkowe - nazwa osobowa [1, ]
|
-
- a
- Nazwa osobowa (NP)
- Leśniewski, Dariusz
-
- c
- Dopowiedzenie inne niż daty biograficzne (NP)
- (cła).
-
|
|
700 -Hasło dodatkowe - nazwa osobowa [1, ]
|
-
- a
- Nazwa osobowa (NP)
- Marciniak-Neider, Danuta
-
- d
- Daty biograficzne (NP)
- (1947- ).
-
|
|
700 -Hasło dodatkowe - nazwa osobowa [1, ]
|
-
- a
- Nazwa osobowa (NP)
- Pomian, Ewelina.
-
|
|
700 -Hasło dodatkowe - nazwa osobowa [1, ]
|
-
- a
- Nazwa osobowa (NP)
- Myszkowska, Magdalena.
-
|
|
700 -Hasło dodatkowe - nazwa osobowa [1, ]
|
-
- a
- Nazwa osobowa (NP)
- Senczyszyn, Sylwia.
-
|
|
700 -Hasło dodatkowe - nazwa osobowa [1, ]
|
-
- a
- Nazwa osobowa (NP)
- Skulski, Przemysław
-
- c
- Dopowiedzenie inne niż daty biograficzne (NP)
- (ekonomia).
-
|
|
700 -Hasło dodatkowe - nazwa osobowa [1, ]
|
-
- a
- Nazwa osobowa (NP)
- Sobczak, Magdalena
-
- c
- Dopowiedzenie inne niż daty biograficzne (NP)
- (ekonomia).
-
|
|
700 -Hasło dodatkowe - nazwa osobowa [1, ]
|
-
- a
- Nazwa osobowa (NP)
- Staszków, Michał.
-
|
|
700 -Hasło dodatkowe - nazwa osobowa [1, ]
|
-
- a
- Nazwa osobowa (NP)
- Stępień, Krzysztof.
-
|
|
700 -Hasło dodatkowe - nazwa osobowa [1, ]
|
-
- a
- Nazwa osobowa (NP)
- Sulimowska-Formowicz, Monika.
-
|
|
700 -Hasło dodatkowe - nazwa osobowa [1, ]
|
-
- a
- Nazwa osobowa (NP)
- Wendland, Martyna.
-
|
|
700 -Hasło dodatkowe - nazwa osobowa [1, ]
|
-
- a
- Nazwa osobowa (NP)
- Wincewicz-Bosy, Marta
-
- d
- Daty biograficzne (NP)
- (1973- ).
-
|
|
710 -Hasło dodatkowe - nazwa ciała zbiorowego [2, ]
|
-
- a
- Nazwa ciała zbiorowego lub nazwa geograficzna jako pierwszy element (NP)
- Polskie Wydawnictwo Ekonomiczne.
-
-
|